[Event "St Petersburg Korchnoi Memorial op"]
[Site "St Petersburg"]
[Date "2023.08.23"]
[Round "8"]
[White "Doncev, Alexandr"]
[Black "Postanogov, Dmitrii"]
[Result "1-0"]
[WhiteElo "2265"]
[BlackElo "2061"]
[PlyCount "120"]
[EventDate "2023.08.18"]
[EventType "swiss"]
[EventRounds "9"]
[EventCountry "RUS"]
[SourceTitle "CBM 216 Extra"]
[Source "ChessBase"]
[SourceDate "2023.11.30"]
[SourceVersion "1"]
[SourceVersionDate "2023.11.30"]
[SourceQuality "1"]

1. d4 d5 2. c4 c6 3. Nf3 Nf6 4. Nc3 a6 5. Ne5 Nbd7 6. Bf4 dxc4 7. Nxc4 b5 8. Ne5 Bb7 9. e3 e6 10. Be2 Nxe5 11. Bxe5 c5 12. Bf3 Qb6 13. a4 Rc8 14. axb5 axb5 15. Qb3 Bxf3 16. gxf3 Nd7 17. Qxb5 Qxb5 18. Nxb5 Nxe5 19. dxe5 Rb8 20. Nc3 c4 21. 0-0-0 Bb4 22. Ne4 Ke7 23. Rhg1 g6 24. Kc2 Rhc8 25. Ra1 Rc7 26. Ra4 Kd7 27. Ra6 Be7 28. Rga1 Rcb7 29. Ra7 Kc6 30. R1a6+ Kd5 31. Ra5+ Kc6 32. R7a6+ Kd7 33. Ra2 h5 34. R6a4 Bb4 35. Ra8 Rxa8 36. Rxa8 Kc6 37. Rd8 Rd7 38. Rc8+ Rc7 39. Rxc7+ Kxc7 40. Ng5 Be1 41. Nxf7 Kc6 42. Kd1 Bxf2 43. Ke2 Bh4 44. Nh8 Bd8 45. Nxg6 Kd5 46. Nf4+ Kxe5 47. Nxh5 Ba5 48. f4+ Ke4 49. Ng3+ Kd5 50. Kf3 Bd2 51. Ne2 Be1 52. h3 Bh4 53. e4+ Kc5 54. e5 Kd5 55. Ke3 Bd8 56. Nc3+ Kc5 57. Ke4 Kb4 58. Ne2 Kb3 59. Nd4+ Kxb2 60. Nxe6 Bb6 1-0

[Event "St Petersburg Korchnoi Memorial op"]
[Site "St Petersburg"]
[Date "2023.08.22"]
[Round "7"]
[White "Postanogov, Dmitrii"]
[Black "Tkachuk, Andrey1"]
[Result "1-0"]
[WhiteElo "2061"]
[BlackElo "1828"]
[PlyCount "103"]
[EventDate "2023.08.18"]
[EventType "swiss"]
[EventRounds "9"]
[EventCountry "RUS"]
[SourceTitle "CBM 216 Extra"]
[Source "ChessBase"]
[SourceDate "2023.11.30"]
[SourceVersion "1"]
[SourceVersionDate "2023.11.30"]
[SourceQuality "1"]

1. e4 c6 2. d4 d5 3. exd5 cxd5 4. Nf3 Nc6 5. Ne5 e6 6. Bb5 Bd7 7. Nxd7 Qxd7 8. c3 Bd6 9. Nd2 Nf6 10. 0-0 0-0 11. Re1 Qc7 12. g3 a6 13. Bd3 b5 14. a3 Rab8 15. Qe2 Rfe8 16. Nf3 Na5 17. Bg5 Nd7 18. Rad1 Nc4 19. Kh1 e5 20. dxe5 Ndxe5 21. Nd4 h6 22. Bc1 a5 23. Bc2 Re7 24. Qh5 g6 25. Qh3 h5 26. Qg2 Qb7 27. h3 Rbe8 28. Bg5 Nxb2 29. Bxe7 Rxe7 30. Rb1 Nec4 31. Rxe7 Bxe7 32. Bb3 Bxa3 33. f4 Qd7 34. Bxc4 Nxc4 35. Rxb5 Ne3 36. Qf3 Qxh3+ 37. Kg1 Bc1 38. Rb8+ Kg7 39. Re8 Ng4 40. Re2 Nf6 41. Rh2 Qg4 42. Ra2 Ne4 43. Kg2 Bd2 44. c4 Bb4 45. cxd5 Qxf3+ 46. Nxf3 Nf6 47. d6 Bxd6 48. Rxa5 Ne4 49. Rd5 Kf8 50. Rd4 f5 51. Ng5 Bc5 52. Rxe4 1-0

[Event "St Petersburg Korchnoi Memorial op"]
[Site "St Petersburg"]
[Date "2023.08.21"]
[Round "6"]
[White "Kurchenko, Egor"]
[Black "Postanogov, Dmitrii"]
[Result "1-0"]
[WhiteElo "2247"]
[BlackElo "2061"]
[PlyCount "57"]
[EventDate "2023.08.18"]
[EventType "swiss"]
[EventRounds "9"]
[EventCountry "RUS"]
[SourceTitle "CBM 216 Extra"]
[Source "ChessBase"]
[SourceDate "2023.11.30"]
[SourceVersion "1"]
[SourceVersionDate "2023.11.30"]
[SourceQuality "1"]

1. e4 c6 2. d4 d5 3. e5 Bf5 4. Nf3 e6 5. Be2 h6 6. 0-0 Ne7 7. c3 Nd7 8. Na3 g5 9. Nc2 Bg7 10. h4 g4 11. Nfe1 h5 12. g3 Qc7 13. Bf4 Ng6 14. Ng2 0-0-0 15. f3 Nxf4 16. Nxf4 Bh6 17. fxg4 hxg4 18. Ne3 Be4 19. Nxg4 Rdg8 20. Bd3 Bxd3 21. Nxd3 f5 22. Nxh6 Rxh6 23. Kf2 Rg4 24. Qd2 Rh8 25. Rh1 Nf8 26. Nf4 Qf7 27. h5 Nh7 28. Ng6 Rg8 29. Rh4 1-0

[Event "Chigorin Memorial 29th"]
[Site "St Petersburg"]
[Date "2022.10.28"]
[Round "7"]
[White "Chyndygyr, Tamerlan"]
[Black "Postanogov, Dmitrii"]
[Result "0-1"]
[WhiteElo "2332"]
[BlackElo "1931"]
[PlyCount "60"]
[EventDate "2022.10.22"]
[EventType "swiss"]
[EventRounds "9"]
[EventCountry "RUS"]
[SourceTitle "EXT 2024"]
[Source "ChessBase"]
[SourceDate "2023.10.10"]
[SourceVersion "1"]
[SourceVersionDate "2023.10.10"]
[SourceQuality "1"]

1. d4 d5 2. c4 c6 3. Nc3 Nf6 4. Nf3 a6 5. e3 b5 6. cxd5 cxd5 7. Bd3 e6 8. 0-0 Be7 9. Ne5 0-0 10. f4 Bb7 11. Qf3 Nbd7 12. Bd2 b4 13. Ne2 Ne4 14. Be1 f5 15. h3 a5 16. Nc1 Rc8 17. Qe2 Nxe5 18. fxe5 Qb6 19. a3 b3 20. a4 f4 21. Qd1 fxe3 22. Rxf8+ Rxf8 23. Qxb3 Qc6 24. Bxe4 dxe4 25. Qxe3 h6 26. Ne2 Bg5 27. Qc3 Qa6 28. Ng3 Qd3 29. Qxd3 exd3 30. Bf2 Rc8 0-1

[Event "Chigorin Memorial 29th"]
[Site "St Petersburg"]
[Date "2022.10.23"]
[Round "2"]
[White "Postanogov, Dmitrii"]
[Black "Tikhonov, Viacheslav"]
[Result "1/2-1/2"]
[WhiteElo "1931"]
[BlackElo "2238"]
[PlyCount "102"]
[EventDate "2022.10.22"]
[EventType "swiss"]
[EventRounds "9"]
[EventCountry "RUS"]
[SourceTitle "EXT 2024"]
[Source "ChessBase"]
[SourceDate "2023.10.10"]
[SourceVersion "1"]
[SourceVersionDate "2023.10.10"]
[SourceQuality "1"]

1. e4 c5 2. Nf3 d6 3. c3 Nf6 4. Be2 g6 5. 0-0 Bg7 6. Bb5+ Nc6 7. Re1 0-0 8. h3 Bd7 9. d3 e5 10. Na3 Nh5 11. Bg5 Qe8 12. Nc4 h6 13. Be3 Qe7 14. a4 Rad8 15. d4 a6 16. Bxc6 Bxc6 17. d5 Be8 18. b4 cxb4 19. cxb4 f5 20. Nfd2 Kh7 21. Rc1 Bf6 22. Bb6 Rd7 23. Ba5 b5 24. axb5 axb5 25. Nb6 Rb7 26. Nc8 Qd7 27. Rc6 Be7 28. Nb6 Rxb6 29. Bxb6 Bd8 30. Qc2 Nf4 31. Bxd8 Qxd8 32. Rc7+ Kh8 33. Nf3 Nd3 34. Qxd3 Qxc7 35. Qd2 Qg7 36. Qe3 Bd7 37. Rc1 Rc8 38. Rxc8+ Bxc8 39. Qb6 Qd7 40. Nd2 Kg7 41. f3 h5 42. Nb3 h4 43. Na5 fxe4 44. fxe4 Qe7 45. Qe3 Bd7 46. Qa7 Kh6 47. Qe3+ g5 48. Qa7 Qf7 49. Qc7 Qf4 50. Qxd6+ Kh5 51. Qxd7 Qc1+ 1/2-1/2

[Event "Minsk op"]
[Site "Minsk"]
[Date "2022.08.06"]
[Round "4"]
[White "Postanogov, Dmitrii"]
[Black "Bryakin, Mikhail"]
[Result "1/2-1/2"]
[WhiteElo "2055"]
[BlackElo "2429"]
[PlyCount "45"]
[EventDate "2022.08.03"]
[EventType "swiss"]
[EventRounds "9"]
[EventCountry "BLR"]
[SourceTitle "CBM 209 Extra"]
[Source "ChessBase"]
[SourceDate "2022.09.30"]
[SourceVersion "1"]
[SourceVersionDate "2022.09.30"]
[SourceQuality "1"]

1. e4 d5 2. exd5 Qxd5 3. Nc3 Qe5+ 4. Be2 Bg4 5. d4 Bxe2 6. Ngxe2 Qa5 7. 0-0 Nf6 8. b4 Qh5 9. Bf4 e6 10. Bxc7 Bxb4 11. Rb1 Na6 12. Be5 Nd7 13. Bg3 0-0 14. Qd3 Rfd8 15. Ne4 Qa5 16. a3 Be7 17. Rb5 Qa4 18. N2c3 Qxa3 19. Rb3 Qa5 20. Rb5 Qa3 21. Rb3 Qa5 22. Rb5 Qa3 23. Rb3 1/2-1/2

[Event "Minsk op"]
[Site "Minsk"]
[Date "2022.08.05"]
[Round "3"]
[White "Lutsko, Igor"]
[Black "Postanogov, Dmitrii"]
[Result "1/2-1/2"]
[WhiteElo "2301"]
[BlackElo "2055"]
[PlyCount "167"]
[EventDate "2022.08.03"]
[EventType "swiss"]
[EventRounds "9"]
[EventCountry "BLR"]
[SourceTitle "CBM 209 Extra"]
[Source "ChessBase"]
[SourceDate "2022.09.30"]
[SourceVersion "1"]
[SourceVersionDate "2022.09.30"]
[SourceQuality "1"]

1. c4 c6 2. Nf3 Nf6 3. g3 d5 4. Qc2 Nbd7 5. Bg2 g6 6. b3 Bg7 7. Bb2 0-0 8. 0-0 Re8 9. Nc3 dxc4 10. bxc4 e5 11. Rad1 Qc7 12. d3 Nb6 13. a4 Bf5 14. a5 Nxc4 15. Ba1 Nxa5 16. Nb5 Qe7 17. Qa4 b6 18. Na3 Nd7 19. Nd2 Nc5 20. Qb4 Rac8 21. Bc3 Nab7 22. Nac4 b5 23. Ne3 Be6 24. Qb1 a5 25. Rc1 Na4 26. Ba1 Nbc5 27. Rc2 b4 28. Ndc4 b3 29. Rd2 Bxc4 30. Nxc4 Qc7 31. Rc1 Rb8 32. Nb2 Re6 33. Rc4 Nxb2 34. Bxb2 Na6 35. Qa1 h6 36. Qa4 Qb6 37. Rd1 e4 38. d4 Nb4 39. Qxb3 Nd5 40. Qxb6 Rxb6 41. Ba3 f5 42. e3 Bf6 43. Rc5 a4 44. Ra5 Nc3 45. Ra1 Re8 46. Bf1 Reb8 47. Rc1 Nb1 48. Bd6 R8b7 49. Ra8+ Kh7 50. Ba6 Rd7 51. Bc5 Rb2 52. Bc4 Rbb7 53. Bg8+ Kg7 54. Be6 Rd8 55. Rxa4 Nd2 56. Ra6 h5 57. h4 f4 58. gxf4 Bxh4 59. Bb6 Re8 60. Rxc6 Nf3+ 61. Kg2 Ne1+ 62. Kf1 Nd3 63. f5 gxf5 64. d5 Bf6 65. Bxf5 Nb4 66. Ra7 Rxa7 67. Bxa7 Nxc6 68. dxc6 Bd8 69. Bb8 Re7 70. Bd6 Ra7 71. Bxe4 Kf6 72. Bb8 Re7 73. Bf3 Kg5 74. Bf4+ Kg6 75. Ke2 Bc7 76. Bxc7 Rxc7 77. Kd3 Kf6 78. Kd4 h4 79. Kc5 Ke7 80. Bg4 Kd8 81. Kb6 Rc8 82. Kb7 Rc7+ 83. Kb6 Rh7 84. Kc5 1/2-1/2

[Event "Chigorin Memorial 27th"]
[Site "St Petersburg"]
[Date "2019.10.07"]
[Round "3"]
[White "Gitelson, Arkady"]
[Black "Postanogov, Dmitrii"]
[Result "1-0"]
[WhiteElo "2282"]
[BlackElo "2019"]
[PlyCount "103"]
[EventDate "2019.10.05"]
[EventType "swiss"]
[EventRounds "9"]
[EventCountry "RUS"]
[SourceTitle "EXT 2020"]
[Source "ChessBase"]
[SourceDate "2019.10.17"]
[SourceVersion "1"]
[SourceVersionDate "2019.10.17"]
[SourceQuality "1"]

1. Nf3 Nf6 2. g3 d5 3. Bg2 c6 4. 0-0 Bf5 5. d4 e6 6. c4 Nbd7 7. Nc3 Be7 8. Nd2 0-0 9. Re1 h6 10. e4 dxe4 11. Ndxe4 Nxe4 12. Nxe4 Nf6 13. Nc3 Qd7 14. h3 Rfd8 15. Be3 Qc7 16. Qe2 a6 17. Rac1 c5 18. d5 e5 19. Bxh6 Nd7 20. Bd2 Rab8 21. Be4 Bxe4 22. Nxe4 b5 23. b3 bxc4 24. bxc4 Re8 25. Qd3 Bd6 26. Qa3 f5 27. Ba5 Nb6 28. Ng5 Qd7 29. Ne6 Qa4 30. Qxa4 Nxa4 31. Bc7 Bxc7 32. Nxc7 Rec8 33. d6 e4 34. Red1 Rd8 35. Rd5 Rb6 36. Rxf5 Rbxd6 37. Nd5 Re6 38. Rb1 Rf8 39. Rg5 e3 40. Nxe3 Nc3 41. Rb7 Rf7 42. Rxf7 Kxf7 43. Rxc5 Nxa2 44. Nd5 Nc1 45. Rc7+ Kf8 46. Nf4 Rf6 47. c5 Nb3 48. c6 Nd4 49. Rc8+ Kf7 50. c7 Rc6 51. Rd8 Rc1+ 52. Kg2 1-0

[Event "St Petersburg Korchnoi Memorial op"]
[Site "St Petersburg"]
[Date "2019.08.20"]
[Round "7"]
[White "Salman, Pavel"]
[Black "Postanogov, Dmitrii"]
[Result "1-0"]
[WhiteElo "2271"]
[BlackElo "2165"]
[PlyCount "67"]
[EventDate "2019.08.14"]
[EventType "swiss"]
[EventRounds "9"]
[EventCountry "RUS"]
[SourceTitle "CBM 192"]
[Source "ChessBase"]
[SourceDate "2019.10.31"]
[SourceVersion "1"]
[SourceVersionDate "2019.10.31"]
[SourceQuality "1"]

1. d4 d5 2. c4 c6 3. Nf3 Nf6 4. Nc3 a6 5. e3 b5 6. c5 g6 7. Ne5 Bg7 8. Be2 0-0 9. f4 Ne4 10. Nxe4 dxe4 11. Qc2 f6 12. Qb3+ Qd5 13. Nxc6 Qxb3 14. Nxe7+ Kf7 15. axb3 Kxe7 16. Bxb5 Bb7 17. Bc4 Rd8 18. Bd2 Bd5 19. Ke2 Bxc4+ 20. bxc4 f5 21. Ra4 g5 22. fxg5 f4 23. Ba5 Rc8 24. d5 Nd7 25. c6 Ne5 26. exf4 Nd3 27. Ke3 Rab8 28. f5 Bxb2 29. c5 Bc1+ 30. Rxc1 Nxc1 31. Bb6 Nb3 32. Ra3 Nc1 33. d6+ Kf7 34. c7 1-0

[Event "Chigorin Memorial 26th"]
[Site "St Petersburg"]
[Date "2018.11.02"]
[Round "7"]
[White "Postanogov, Dmitrii"]
[Black "Pankova, Julia"]
[Result "0-1"]
[WhiteElo "2101"]
[BlackElo "1826"]
[PlyCount "170"]
[EventDate "2018.10.27"]
[EventType "swiss"]
[EventRounds "9"]
[EventCountry "RUS"]
[SourceTitle "CBM 187 Extra"]
[Source "ChessBase"]
[SourceDate "2018.11.04"]
[SourceVersion "1"]
[SourceVersionDate "2018.11.04"]
[SourceQuality "1"]

1. d4 Nf6 2. Bf4 d5 3. e3 e6 4. Nd2 Bd6 5. Bg3 0-0 6. Bd3 Nbd7 7. Ngf3 Qe7 8. Ne5 c5 9. c3 Re8 10. f4 Nf8 11. 0-0 Bd7 12. Bh4 Bc6 13. g4 Ng6 14. Bg3 Bxe5 15. dxe5 Ne4 16. Nxe4 dxe4 17. Be2 b5 18. Qe1 c4 19. h4 Qc5 20. Qf2 Ne7 21. Rad1 Rad8 22. Rd4 Rxd4 23. exd4 Qd5 24. Qe3 Qd7 25. Bf2 Bb7 26. Qg3 a5 27. Be3 Qc8 28. Qh3 b4 29. f5 Nd5 30. Bd2 Qc6 31. fxe6 Qxe6 32. Bxc4 Qc6 33. Bxd5 Qxd5 34. Qe3 Qxa2 35. cxb4 axb4 36. Bxb4 Qxb2 37. Bc5 Ra8 38. e6 fxe6 39. Qf4 h6 40. Qf7+ Kh8 41. Qxe6 e3 42. d5 e2 43. Re1 Qc3 44. Bf2 Qf3 45. Qf5 Bxd5 46. Qxf3 Bxf3 47. g5 Ra4 48. Bg3 hxg5 49. hxg5 Bh5 50. g6 Rg4 51. Kf2 Rxg6 52. Rh1 Rf6+ 53. Ke1 Rf5 54. Kd2 g6 55. Ra1 Rd5+ 56. Ke3 Rd1 57. Ra7 e1Q+ 58. Bxe1 Rxe1+ 59. Kf4 Rf1+ 60. Kg5 Rf5+ 61. Kh6 Kg8 62. Rc7 Rf6 63. Ra7 Kf8 64. Rc7 Re6 65. Ra7 Re7 66. Ra8+ Kf7 67. Ra1 Bg4 68. Kg5 Bf5 69. Rh1 Re2 70. Ra1 Ke6 71. Ra6+ Ke5 72. Ra5+ Ke4 73. Ra4+ Kf3 74. Ra3+ Re3 75. Ra2 Bd3 76. Ra5 Re1 77. Ra3 Ke3 78. Ra5 Rg1+ 79. Kf6 Kf4 80. Ke6 g5 81. Kd5 Be4+ 82. Kd4 Rd1+ 83. Kc3 g4 84. Ra7 g3 85. Rf7+ Ke3 0-1

[Event "St Petersburg Korchnoi Memorial op"]
[Site "St Petersburg"]
[Date "2018.08.20"]
[Round "6"]
[White "Postanogov, Dmitrii"]
[Black "Evdokimov, Alexey2"]
[Result "0-1"]
[WhiteElo "1961"]
[BlackElo "2288"]
[PlyCount "70"]
[EventDate "2018.08.15"]
[EventType "swiss"]
[EventRounds "9"]
[EventCountry "RUS"]
[SourceTitle "CBM 186 Extra"]
[Source "ChessBase"]
[SourceDate "2018.08.24"]
[SourceVersion "1"]
[SourceVersionDate "2018.08.24"]
[SourceQuality "1"]

1. e4 g6 2. d4 Bg7 3. Nf3 d6 4. Bc4 Nf6 5. Qe2 0-0 6. 0-0 Bg4 7. h3 Bxf3 8. Qxf3 Nc6 9. c3 e5 10. d5 Ne7 11. Be3 Nd7 12. Qe2 f5 13. f3 Nf6 14. Bd3 Kh8 15. g4 Nd7 16. Nd2 a6 17. c4 a5 18. Bc2 Bf6 19. Bh6 Rf7 20. g5 Ng8 21. exf5 gxf5 22. g6 hxg6 23. Be3 Bg5 24. Kh2 Bxe3 25. Qxe3 Qh4 26. Qf2 Qf4+ 27. Kg2 Rh7 28. Rad1 Ngf6 29. Rh1 Kg7 30. Rh2 Rah8 31. Rdh1 Rh4 32. Kf1 b6 33. Qg2 e4 34. Ke1 e3 35. Nf1 Ne5 0-1

[Event "St Petersburg Korchnoi Memorial op"]
[Site "St Petersburg"]
[Date "2018.08.17"]
[Round "3"]
[White "Ivanov, Platon Jaan"]
[Black "Postanogov, Dmitrii"]
[Result "1/2-1/2"]
[WhiteElo "2169"]
[BlackElo "1961"]
[PlyCount "106"]
[EventDate "2018.08.15"]
[EventType "swiss"]
[EventRounds "9"]
[EventCountry "RUS"]
[SourceTitle "CBM 186 Extra"]
[Source "ChessBase"]
[SourceDate "2018.08.24"]
[SourceVersion "1"]
[SourceVersionDate "2018.08.24"]
[SourceQuality "1"]

1. d4 d5 2. Nf3 Nf6 3. c4 c6 4. Nc3 a6 5. e3 Bg4 6. h3 Bh5 7. Qb3 b5 8. cxd5 Bxf3 9. gxf3 Nxd5 10. a4 Nb6 11. f4 e6 12. axb5 axb5 13. Rxa8 Nxa8 14. Bg2 Be7 15. 0-0 Nb6 16. Qc2 0-0 17. f5 exf5 18. Qxf5 g6 19. Qf3 f5 20. Rd1 b4 21. Ne2 Nd5 22. Nf4 Nxf4 23. Qxf4 Bd6 24. Qf3 Qh4 25. Bd2 g5 26. Qe2 g4 27. Bxb4 Bxb4 28. Qc4+ Kg7 29. Qxb4 gxh3 30. Bf3 f4 31. d5 h2+ 32. Kg2 Qf6 33. Qd4 Qxd4 34. exd4 cxd5 35. Bxd5 Nd7 36. Kxh2 Rd8 37. b4 Nf6 38. Bc6 Kf7 39. Kg2 Nd5 40. Kf3 Nxb4 41. Be4 Kf6 42. Bxh7 Nd5 43. Be4 Nc3 44. Rd3 Nb5 45. d5 Ke5 46. Rd1 Nd4+ 47. Rxd4 Kxd4 48. Bg6 Ke5 49. Bf7 Rf8 50. Be6 Ra8 51. Bf7 Ra3+ 52. Kg4 Rd3 53. Be6 Rd4 1/2-1/2